5HLuxD.jpg

KING HENRY VIII SENIOR AND PRIMARY SCHOOL LIBRARY OPAC

The gingerbread man / (Record no. 2346)

000 -LEADER
fixed length control field 01042cam a2200277 a 4500
001 - CONTROL NUMBER
control field b19215204
003 - CONTROL NUMBER IDENTIFIER
control field OSt
005 - DATE AND TIME OF LATEST TRANSACTION
control field 20230420105905.0
008 - FIXED-LENGTH DATA ELEMENTS--GENERAL INFORMATION
fixed length control field 110128s2011 enka j 000 1 eng d
020 ## - INTERNATIONAL STANDARD BOOK NUMBER
Qualifying information (pbk.)
International Standard Book Number 9781409531661
040 ## - CATALOGING SOURCE
Original cataloging agency PCCU
Language of cataloging eng
Transcribing agency PCCU
Modifying agency KH8
042 ## - AUTHENTICATION CODE
Authentication code nbic
082 0# - DEWEY DECIMAL CLASSIFICATION NUMBER
Classification number 820.809282 MAC
100 1# - MAIN ENTRY--PERSONAL NAME
Personal name Mackinnon, Mairi.
Relator term Author
245 14 - TITLE STATEMENT
Title The gingerbread man /
Statement of responsibility, etc. illustrated by Elena Temporin ; retold by Mairi Mackinnon ; [edited by Jenny Tyler and Lesley Sims ; designed by Louise Flutter ; cover design by Russell Punter]
260 ## - PUBLICATION, DISTRIBUTION, ETC.
Place of publication, distribution, etc. London :
Name of publisher, distributor, etc. Usborne,
Date of publication, distribution, etc. 2011.
300 ## - PHYSICAL DESCRIPTION
Extent 1 v. (unpaged) :
Other physical details col. ill. ;
Dimensions 25 cm.
490 1# - SERIES STATEMENT
Series statement The Usborne picture book gift set ;
Volume/sequential designation [v. 19]
500 ## - GENERAL NOTE
General note In slip-case.
500 ## - GENERAL NOTE
General note Series title from slip-case.
500 ## - GENERAL NOTE
General note Number of a part supplied by cataloguer.
650 #0 - SUBJECT ADDED ENTRY--TOPICAL TERM
Topical term or geographic name entry element Gingerbread men
Form subdivision Pictorial works
-- Juvenile fiction.
700 1# - ADDED ENTRY--PERSONAL NAME
Personal name Temporin, Elena,
Dates associated with a name 1970-
Relator term Illustrator
830 #4 - SERIES ADDED ENTRY--UNIFORM TITLE
Uniform title The Usborne picture book gift set ;
Volume/sequential designation [v. 19]
942 ## - ADDED ENTRY ELEMENTS (KOHA)
Source of classification or shelving scheme
Koha item type Books - Fiction
Holdings
Withdrawn status Lost status Source of classification or shelving scheme Damaged status Not for loan Collection code Permanent Location Current Location Shelving location Date acquired Total Checkouts Total Renewals Full call number Barcode Date last seen Date last checked out Price effective from Koha item type
          Fiction KH8 Primary School Library KH8 Primary School Library Non Fiction 2023-04-20 33 1 820.809282 MAC KHPL000004095 2026-04-17 2026-04-10 2023-04-20 Books - Fiction

Powered By KH8 IT Dept